Lana Del Rey- Freak (All Lyrics) - Statistics

General Stats
  • This quiz has been taken 169 times
  • The average score is 233 of 310
Answer Stats
Lyrics % Correct
like
99%
mmmm
99%
a
98%
I
97%
you
97%
freak
96%
me,
96%
me
96%
to
96%
To
96%
Be
95%
an
92%
California
92%
come
92%
your
92%
Your
92%
when
91%
do
90%
the
90%
If
89%
if
89%
Baby,
88%
baby
88%
blue
87%
(blue,
87%
blue,
87%
blue)
87%
so
87%
So
87%
it
86%
It
86%
too
86%
We
85%
we
85%
wanna
84%
in
83%
that
83%
turn
82%
dance
81%
feel
81%
they
81%
music,
80%
all
78%
for
78%
slow
76%
Flames
75%
hot
75%
is
75%
leave,
75%
need
75%
way
75%
while
75%
kiss
74%
Talk
72%
talk)
72%
I'm
71%
loving
71%
Screw
71%
eyes
70%
with
70%
could
69%
rock
69%
summer
68%
That's
68%
up,
68%
up
68%
make
67%
You're
67%
you're
67%
and
66%
And
66%
endless
66%
'til
66%
as
64%
both
63%
last
63%
fire
62%
La,
62%
My
62%
my
62%
forever
59%
reflecting
59%
rider
59%
easy
58%
Palms
58%
this
58%
motion
57%
of
57%
by
56%
Life
56%
But
55%
cold
55%
moment,
55%
ah
54%
Ah,
54%
take
54%
(Take
54%
ice,
53%
let's
53%
don't
52%
I'd
52%
It's
52%
stranger
52%
time
52%
ocean
51%
anonymity,
50%
sense
50%
makes
48%
still,
48%
rising
47%
than
47%
back,
46%
back
46%
I'll
46%
every
45%
nice,
44%
seems
44%
amazing
43%
full
43%
Looking
42%
love's
42%
stay,
42%
stay
42%
stood
42%
told
42%
Ooh-
40%
ooh
40%
Leather
39%
black
38%
past
38%
Tear
38%
tear
38%
Sun
37%
(yeah)
37%
fight,
36%
halo's
25%
really
23%
Hmmm-
12%
hmmm-
12%
No matching quizzes found
Score Distribution
Percent of People with Each Score
Percentile by Number Answered
Your Score History
You have not taken this quiz